000 00913nam a2200277 i 4500
003 DO-SdBNP
005 20240820150016.0
007 ta
008 240820b2024 dr a|||| |||| 00| 0 spa d
020 _a9789945654400
040 _aDO-SdBNP
_bspa
_cBNPHU
_erda
082 4 _222
100 _aDotel, Beantnik,
_924869
_eautor
245 1 _aFloreciendo en el espejo /
_cBeantnik Dotel ; prólogo, Julio César Dotel Pérez
264 _aSanto Domingo :
_bSantuario,
_c2024.
300 _a75 páginas :
_bilustraciones ;
_c23 cm.
336 _2rdacontent
_atexto
_btxt
337 _2rdamedia
_asin medición
_bn
338 _2rdacarrier
_avolumen
_bnc
500 _aIncluye datos biográficos del autor en la solapa de la cubierta
504 _aBibliografía : páginas 75
590 _aInventariado, 2024/BT
700 _aDotel Pérez, Julio César,
_eprólogo
_983541
910 _aBtavárez
942 _2ddc
_cLBS1
999 _c57502
_d57502